000 01755cam a22003254a 4500
001 14283241
005 20171001020028.0
008 060302s2006 azua b 001 0 eng
010 _a 2006007442
020 _a9781890871697
040 _aDLC
_cDLC
_dDLC
042 _apcc
050 0 0 _aGV481.2
_b.L69 2006
082 0 0 _a613.7/1019
_222
100 1 _aLox, Curt.
245 1 4 _aThe psychology of exercise :
_bintegrating theory and practice /
_cCurt L. Lox, Kathleen A. Martin Ginis, Steven J. Petruzello.
250 _a2nd ed.
260 _aScottsdale, Ariz. :
_bHolcomb Hathaway Publishers,
_cc2006.
300 _axiv, 450 p. :
_bill. ;
_c24 cm.
504 _aIncludes bibliographical references and indexes.
505 0 _aIntroduction to exercise psychology -- Physical activity epidemiology -- Theories and models of exercise behavior I -- Theories and models of exercise behavior II -- Social influence on exercise -- Physical activity interventions -- Personality and exercise -- Self-concept, self-esteem, and exercise -- Body image and exercise -- Stress and exercise -- Anxiety and exercise -- Depression and exercise -- Emotional well-being and exercise -- Health-related quality of life and exercise.
650 0 _aExercise
_xPsychological aspects.
650 0 _aPhysical fitness
_xPsychological aspects.
700 1 _aMartin Ginis, Kathleen A.
_q(Kathleen Anne),
_d1968-
700 1 _aPetruzzello, Steven J.
856 4 1 _3Table of contents only
_uhttp://www.loc.gov/catdir/toc/ecip0610/2006007442.html
906 _a7
_bcbc
_corignew
_d1
_eecip
_f20
_gy-gencatlg
942 _2lcc
_cBOOKS
_hGV 481.2 .L69 2006
_01
999 _c11829
_d11829